Changes in the Hungarian Insolvency Law in the Interwar Period

The First World War and the Trianon Treaty shocked the Hungarian economy. The Hungarian government implemented a payment moratorium from the start of the war, but after a one-year long moratorium, the government wanted to restore the working of the economy. But it desired to avoid the massive bankru...

Teljes leírás

Elmentve itt :
Bibliográfiai részletek
Szerző: Pétervári Máté
Dokumentumtípus: Cikk
Megjelent: 2022
Sorozat:KRAKOWSKIE STUDIA Z HISTORII PANSTWA I PRAWA 15 No. 2
Tárgyszavak:
doi:10.4467/20844131KS.22.016.15719

mtmt:33017444
Online Access:http://publicatio.bibl.u-szeged.hu/24848
LEADER 01797nab a2200217 i 4500
001 publ24848
005 20220808135624.0
008 220808s2022 hu o 0|| Angol d
022 |a 2084-4115 
024 7 |a 10.4467/20844131KS.22.016.15719  |2 doi 
024 7 |a 33017444  |2 mtmt 
040 |a SZTE Publicatio Repozitórium  |b hun 
041 |a Angol 
100 1 |a Pétervári Máté 
245 1 0 |a Changes in the Hungarian Insolvency Law in the Interwar Period  |h [elektronikus dokumentum] /  |c  Pétervári Máté 
260 |c 2022 
300 |a 227-244 
490 0 |a KRAKOWSKIE STUDIA Z HISTORII PANSTWA I PRAWA  |v 15 No. 2 
520 3 |a The First World War and the Trianon Treaty shocked the Hungarian economy. The Hungarian government implemented a payment moratorium from the start of the war, but after a one-year long moratorium, the government wanted to restore the working of the economy. But it desired to avoid the massive bankruptcies of the firms; therefore, a new institution, the compulsory non-bankruptcy settlement was introduced by the government in Hungary for helping the debtors. In my paper, I examine the rearrangement of the insolvency law in the interwar period which was generated by the compulsory nonbankruptcy settlement. This appeared beside the bankruptcy procedure, which regulation was passed by the National Assembly in 1881. It was the second Hungarian bankruptcy act, which remained unchanged until socialism. These two procedures were the significant elements of the insolvency law in the examined period. In my paper, I present the circumstances of the new institution's introduction, its modification and its relation to the bankruptcy procedure. 
650 4 |a Jogtudomány 
856 4 0 |u http://publicatio.bibl.u-szeged.hu/24848/1/Petervari_KSzHPiP_1522022.pdf  |z Dokumentum-elérés